| 000 | 00547nam a2200133 a 4500 | ||
|---|---|---|---|
| 008 | 120416s1973 ||||||||||||||||| || u | ||
| 050 | _aQA 107 Kru | ||
| 100 | _aKruglak, Haym | ||
| 245 | 1 | 0 | _aSchaum's outline of theory and problems of basic mathematics with applications to science and techno |
| 260 |
_aNew York _bMcGraw-Hill _c[1973] |
||
| 300 | _a341p. : ill. | ||
| 350 | _a0.00 | ||
| 995 |
_D0.00 _FCBU-MAIN LIBRARY (Kitwe) _H1 _I0.00 _M1 _ULOST _VMar 7, 2013 _ZMain Library Open Access Collection |
||
| 999 |
_c57014 _d57014 |
||